Účtovanie uzávierkových účtovných operácií v sústave jednoduchého účtovníctva

Daňové zameranie jednoduchého účtovníctva vyžaduje od podnikajúcej fyzickej osoby, aby každú hospodársku operáciu posudzovala podľa ustanovení zákona č. 595/2003 Z. z. o dani z príjmov v z. n. p. , pretože výsledkom jednoduchého účtovníctva je základ dane, ktorý je podkladom pre výpočet dane z príjm...

Descripción completa

Guardado en:
Detalles Bibliográficos
Autor principal: Strählová, Jarmila
Formato: Capítulo de libro
Lenguaje:eslovaco
Materias:
Etiquetas: Agregar Etiqueta
Sin Etiquetas, Sea el primero en etiquetar este registro!

MARC

LEADER 00000naa a2200000 4500
001 0260560
005 20221104110924.0
041 0 |a slo 
044 |a SK 
245 1 0 |a Účtovanie uzávierkových účtovných operácií v sústave jednoduchého účtovníctva  |c Jarmila Strählová 
520 |a Daňové zameranie jednoduchého účtovníctva vyžaduje od podnikajúcej fyzickej osoby, aby každú hospodársku operáciu posudzovala podľa ustanovení zákona č. 595/2003 Z. z. o dani z príjmov v z. n. p. , pretože výsledkom jednoduchého účtovníctva je základ dane, ktorý je podkladom pre výpočet dane z príjmov. Článok je dokončením prvej časti, ktorá bola uverejnená v predošlom čísle. 
610 2 0 |a osoby fyzické 
610 2 0 |a podnikatelia 
610 2 0 |a operácie účtovné 
610 2 0 |a účtovníctvo jednoduché 
100 1 |a Strählová, Jarmila